000 01003nmm a2200349 a 4500
003 AR-BaBNM
005 20251128210803.0
008 106020s2004 ||||||||||||||000 | spa||
020 _a84-952-94-680
040 _cAR-BaBNM
245 1 0 _aLa economía argentina y su crisis 1976-2001
_bvisiones institucionalistas y regulacionistas
250 _a1ª ed.
260 _aMadrid
_bMiño y Dávila Editores
_c2004
300 0 _a761 p.
_bgráfs.
650 4 _aCRISIS ECONOMICA
650 4 _aEMPLEO
650 4 _aSALARIOS
650 4 _aESTADO
650 4 _aEXPORTACIONES
650 4 _aCONVERTIBILIDAD
650 4 _aHISTORIA ECONOMICA
650 4 _aCRISIS SOCIAL
651 4 _aArgentina
700 1 _aBoyer, Robert
_ecoordinador
700 1 _aNeffa, Julio César
_ecoordinador
700 1 _aKeifman, Saúl
_ecolaborador
700 1 _aMiotti, Luis
_ecolaborador
700 1 _aQuenan, Carlos
_ecolaborador
700 1 _aRapoport, Mario
_ecolaborador
942 _cBK
998 _cme-solo cat
999 _c16905
_d16905